| 000 | 00708nam a2200217 a 4500 | ||
|---|---|---|---|
| 008 | 951121s1988||||[C 0 slo c | ||
| 020 |
_c20 Kčs. _q(26000 výtl.) |
||
| 040 |
_aSNK _bslo _cSNK _eAACR2 |
||
| 041 | 1 |
_aslo _hslo |
|
| 080 | _a885.4-3 | ||
| 100 | 1 |
_aNižnánsky, Jožo _4aut |
|
| 245 | 1 | 0 |
_aDobrodružstvá Mórica Beňovského. 2. zv _cJožo Nižnánsky ; Anton Hykisch, Svetozár Mydlo |
| 250 | _a3., vyd. | ||
| 260 |
_aBratislava _bMladé letá _c1988 _eŽilina _fPravda |
||
| 300 |
_a328 s., 18,14 AH _c20 cm |
||
| 500 | _aPre čitateľov od 13 rokov. Cena za dva zväzky 40 Kčs. | ||
| 700 | 1 |
_aHykisch, Anton _4[ADC] |
|
| 700 | 1 |
_aMydlo, Svetozár _4bkd |
|
| 044 |
_axo _cSK |
||
| 958 | _aA | ||
| 999 |
_c12346 _d12346 |
||